Normal view
MARC view
Entry Personal Name
001 - CONTROL NUMBER
- control field: 27618
003 - CONTROL NUMBER IDENTIFIER
- control field: dpl
005 - DATE AND TIME OF LATEST TRANSACTION
- control field: 20110503120224.0
008 - FIXED-LENGTH DATA ELEMENTS
- fixed length control field: 110503|||a|||||| | ||| d
040 ## - CATALOGING SOURCE
- Original cataloging agency: dpl
- Transcribing agency: dpl
100 ## - HEADING--PERSONAL NAME
- Personal name: मनु, प्रकाश
670 ## - SOURCE DATA FOUND
- Source citation: Work cat.: (dpl)48946: मनु, प्रकाश, मेरी श्रेष्ठ कहानियाँ /, 2010
670 ## - SOURCE DATA FOUND
- Source citation: Work cat.: (dpl)48946: मनु, प्रकाश, मेरी श्रेष्ठ कहानियाँ /, 2010
